000 01163cam a22002054a 4500
005 20250605163924.0
008 250528s ||||||||||||||||||||||||d
035 _a14485
020 _a64671577
040 _aGR-AtMCL
_bgre
_dGR-AtMCL
_eAACR2
245 1 _aSocial Psychology / HarperCollins College Outline
260 _c1992
300 _a360
520 _aThis book is part of an all-new, in depth series, featuring titles in all areas of study, including Humanities, Social Science, Business, Engineering, Science, Mathematics, and Computer Science. Preface, Introduction to Social Psychology, Social Psychological Research, Social Cognition, The Social Self, Person Perception, Attribution, Gender and Social Behavior, Attitudes and Behavior, Changing Attitudes, Social Influence, Group Behavior, Prejudice and Discrimination, Aggression, Conflict, Interpersonal Attraction, Close Relationships, Prosocial Behavior, The Environment and Behavior, Social Psychology and Health, Social Psychology and the Legal System, Glossary, Index.
700 1 _aHarperperennial
_9175
700 1 _aWeber Ann L
_9176
942 _cBK
999 _c114
_d114